GOAL (Record no. 47285)

MARC details
000 -LEADER
fixed length control field 00591nam a22001697a 4500
005 - DATE AND TIME OF LATEST TRANSACTION
control field 20260218145437.0
008 - FIXED-LENGTH DATA ELEMENTS--GENERAL INFORMATION
fixed length control field 260218b |||||||| |||| 00| 0 eng d
020 ## - INTERNATIONAL STANDARD BOOK NUMBER
International Standard Book Number 9789387791268
040 ## - CATALOGING SOURCE
Transcribing agency VITAP
082 ## - DEWEY DECIMAL CLASSIFICATION NUMBER
Edition number 23
Classification number 796.355092 CHA
100 ## - MAIN ENTRY--PERSONAL NAME
Personal name Chand, Dhyan
9 (RLIN) 17105
245 ## - TITLE STATEMENT
Title GOAL
Remainder of title : An Autobiography with Hockey Hints
Statement of responsibility, etc. / Dhyan Chand
260 ## - PUBLICATION, DISTRIBUTION, ETC.
Place of publication, distribution, etc. Chennai
Name of publisher, distributor, etc. THG Publishing Pvt Ltd.
Date of publication, distribution, etc. 2024
300 ## - PHYSICAL DESCRIPTION
Extent 261p, ill.: 21cm
650 #0 - SUBJECT ADDED ENTRY--TOPICAL TERM
Topical term or geographic name entry element Early Life & Background, Rise in Indian Hockey, Olympic Achievements, Hockey Techniques & Hints, International Tours etc.
9 (RLIN) 17107
942 ## - ADDED ENTRY ELEMENTS (KOHA)
Source of classification or shelving scheme Dewey Decimal Classification
Koha item type Text Book
Holdings
Withdrawn status Lost status Source of classification or shelving scheme Materials specified (bound volume or other part) Damaged status Not for loan Collection code Home library Current library Shelving location Date acquired Source of acquisition Cost, normal purchase price Inventory number Total Checkouts Full call number Barcode Date last seen Cost, replacement price Price effective from Koha item type Public note
    Dewey Decimal Classification Paper Back   Not For Loan Reference School of Business & General Section VIT-AP Reference 2026-01-12 The Hindu Group of Publications 299.00 9001173329   796.355092 CHA 025498 2026-02-18 299.00 2026-01-12 Reference Book GEN
    Dewey Decimal Classification Paper Back       School of Business & General Section VIT-AP General Stacks 2026-01-12 The Hindu Group of Publications 299.00 9001173329   796.355092 CHA 025499 2026-02-18 299.00 2026-01-12 Text Book GEN

Visitor Number: